000 00757nam a2200205 a 4500
005 20251120103803.0
008 030514s2002 ch r 000 0 spa d
020 _a9568169008
035 _aUPN01000124101
049 _aCG
050 4 _aLC52 L2.9
_bE3.8
245 0 0 _aEducación privada y política pública en América Latina /
_ced. Laurence Wolff.
260 _aSantiago de Chile :
_bPREAL :
_bBID,
_c2002.
300 _a448 p.
650 4 _aESCUELAS PRIVADAS -
_zAMERICA LATINA -
_vESTUDIOS INTERCULTURALES
_921999
650 4 _aEducación y Estado
_zAmérica Latina
_vEstudios interculturales
_919898
650 4 _aEducación
_xAspectos económicos
_zAmérica Latina
_vEstudios interculturales
_914730
700 1 _aWolff, Laurence,
_eed.
905 _aLibro
999 _c96280
_d96280